书目信息 |
| 题名: |
包装设计
|
|
| 作者: | 丁剑超 , 王剑白 主编 | |
| 分册: | ||
| 出版信息: | 北京 中国水利水电出版社 2006 |
|
| 页数: | 177页 | |
| 开本: | 29cm | |
| 丛书名: | 电脑美术与艺术设计实例教程丛书 | |
| 单 册: | ||
| 中图分类: | J524.2 | |
| 科图分类: | ||
| 主题词: | 包装设计--教材 | |
| 电子资源: | ||
| ISBN: | 7-5084-3594-X | |
| 000 | 01297nam0 2200337 450 | |
| 000 | 01260nam0 2200325 450 | |
| 000 | 01229nam0 2200325 450 | |
| 000 | 01175nam0 2200301 450 | |
| 000 | 01182nam0 2200289 450 | |
| 000 | 01145nam0 2200277 45 | |
| 005 | 20061214165734.51 | |
| 010 | @a7-5084-3594-X@dCNY49.00 | |
| 100 | @a20060829d2006 ekmy0chiy0120 ea | |
| 101 | 0 | @achi |
| 102 | @aCN@b110000 | |
| 105 | @aa z 000yy | |
| 200 | 1 | @a包装设计@ABao Zhuang She Ji@f丁剑超, 王剑白主编@FDing Jian Chao , Wang Jian Bai Zhu Bian |
| 210 | @a北京@c中国水利水电出版社@d2006 | |
| 215 | @a177页@c彩图@d29cm@e光盘1片 | |
| 225 | 2 | @a电脑美术与艺术设计实例教程丛书 |
| 307 | @a附光盘ISBN: 7-900195-17-3 | |
| 330 | @a本书是一本专门介绍包装设计实例的中级美术教程。全书从整体的包装策划与创意入手,集通俗性、实用性、欣赏性与艺术性于一体,内容包括纸容器、食品包装、饮料包装、酒类、化妆品、日用品、包装的设计实例。 | |
| 410 | 0 | @12001 @a电脑美术与艺术设计实例教程丛书 |
| 606 | 0 | @a包装设计@x教材 |
| 690 | @aJ524.2@v4 | |
| 701 | 0 | @a丁剑超@ADing Jian Chao@4主编 |
| 701 | 0 | @a王剑白@AWang Jian Bai@4主编 |
| 801 | 0 | @aCN@b中图数据@c20061214 |
| 905 | @a10447@dJ524.2@e188 | |
| 包装设计/丁剑超, 王剑白主编.-北京:中国水利水电出版社,2006 |
| 177页:彩图;29cm+光盘1片.-(电脑美术与艺术设计实例教程丛书) |
| ISBN 7-5084-3594-X:CNY49.00 |
| 本书是一本专门介绍包装设计实例的中级美术教程。全书从整体的包装策划与创意入手,集通俗性、实用性、欣赏性与艺术性于一体,内容包括纸容器、食品包装、饮料包装、酒类、化妆品、日用品、包装的设计实例。 |
| ● |
| 相关链接 |
|
|
|
|
正题名:包装设计
索取号:J524.2/188
 
预约/预借
| 序号 | 登录号 | 条形码 | 馆藏地/架位号 | 状态 | 备注 |
| 1 | 0613228 | 206132282 | 第一样本阅览室/ [索取号:J524.2/188] | 在馆 | |
| 2 | 0613229 | 206132291 | 第一借阅区/ [索取号:J524.2/188] | 在馆 | |
| 3 | 0613230 | 206132308 | 第一借阅区/ [索取号:J524.2/188] | 在馆 | |
| 4 | 0613231 | 206132317 | 第一借阅区/ [索取号:J524.2/188] | 在馆 |